| 000 | 00759nam a22002417a 4500 | ||
|---|---|---|---|
| 001 | 3778 | ||
| 003 | FISKH | ||
| 005 | 20250905104414.0 | ||
| 008 | 240507b cb ||||| |||| 00| 0 eng d | ||
| 040 |
_aFISK _beng _cFISK _dFISK |
||
| 050 | _aPZ7.W58277 | ||
| 082 | _a813.52 | ||
| 100 |
_aWhite E. B _d1899-1985 |
||
| 245 |
_aCharlotte's web / _cE. B. White |
||
| 260 |
_aNew York : _bScholastic, _c1952 |
||
| 300 |
_a184 pages : _billustrations, _c20 cm |
||
| 505 | _aM | ||
| 520 | _aWilbur, the pig, is desolate when he discovers that he is destined to be the farmer's Christmas dinner until his spider friend, Charlotte, decides to help him. | ||
| 521 | 8 |
_a680 _bLexiles, |
|
| 700 | _aE. B. White | ||
| 942 |
_2ddc _cBK _n0 |
||
| 999 |
_c3778 _d3778 |
||